MDQL
is popping MORE tags! Check the
thread
!
Quizzes
Events
Quiz Creation
Community
Videos
Private Events
Remove Ads
Sign In
Join for FREE
Feedback
Dark Mode
Quiz Categories
Sports
Geography
Music
Movies
Television
Just For Fun
Miscellaneous
History
Literature
Language
Science
Gaming
Entertainment
Religion
Holiday
For Kids
Quiz Lab
Recent
Popular Today
Quiz Kudos Today
Editor Picks
Curator Picks
Quizzes by...
Day
Popularity
Type
Ratings
Length
Year
Community
Subscriptions
Recent Discussions
Orange Saloon
Badges
Playlists
Quests
Create
Leaderboards
Showdown
Live 5
Trivia Bingo
Activity
Puzzle Library
Sporcle Events
Private Events
Virtual Trivia
Globe League
Become a Host
Pub Owners
SporcleCon
Opinionation
Our Games
Videos
Blog
Mobile Apps
Partnerships
Remove Ads and Go Orange
Feedback
Music
Pop Music
The Beatles
Song
Album
Lyrics
Bands
Singers
Artist
Clip
Rock
Rap
Classical
Billboard
Country Music
Kpop
Taylor Swift
Music
Pop Music
The Beatles
Song
Album
Lyrics
Bands
Singers
Artist
Clip
Rock
Rap
Classical
Billboard
Country Music
Kpop
Taylor Swift
Random Quiz
Search Sporcle
×
Quiz Lab
Quiz Lab
Music
MTV Video
Type in answers that appear in a list
Type in answers that appear in a list
Classic
Best Score? Go Orange.
MTV Video Music Awards Hosts Stats
Can you name the MTV Video Music Awards Hosts?
By
brusox20
6m
29 Questions
114 Plays
114 Plays
114 Plays
Comments
Comments
Give Quiz Kudos
Give Quiz Kudos
-
- Ratings
hide this ad
More Info
Replay
Link that replays current quiz
Next Quiz
Link to next quiz in quiz playlist
You Got
0%
They Got
Avg Score
35%
Avg Friend Score
Upgrade to see
Score Distribution
Jump to the score distribution portion of the page
Score
0/29
Timer
06:00
0
Plays Today
Year
Host
% Correct
1997
Chris Rock
76.3%
1999
Chris Rock
76.3%
2003
Chris Rock
76.3%
2002
Jimmy Fallon
56.1%
1985
Eddie Murphy
50.9%
2008
Russell Brand
48.2%
2009
Russell Brand
48.2%
1988
Arsenio Hall
44.7%
1989
Arsenio Hall
44.7%
1990
Arsenio Hall
44.7%
1991
Arsenio Hall
44.7%
1995
Dennis Miller
37.7%
1996
Dennis Miller
37.7%
2006
Jack Black
36.8%
1998
Ben Stiller
29.8%
Year
Host
% Correct
2000
Marlon and Shawn Wayans
29.8%
2010
Chelsea Handler
28.9%
1994
Roseanne Barr
26.3%
2001
Jamie Foxx
26.3%
2005
Sean 'Diddy' Combs
26.3%
1992
Dana Carvey
25.4%
1984
Dan Aykroyd & Bette Midler
24.6%
1986
'Downtown' Julie Brown, Mark Goodman, Alan Hunter, Martha Quinn, Dweezil Zappa
24.6%
1987
'Downtown' Julie Brown, Carolyne Heldman, Dweezil Zappa, Kevin Seal
23.7%
19%
1993
Christian Slater
17.5%
2011
No Host
16.7%
2012
Kevin Hart
16.7%
2013
No Host
16.7%
Quiz Playlist
Details
Report
Send in Message
Add To Playlist
More Info:
NO HOST IN 2004 & 2007 AND HOST NOT YET ANNOUNCED FOR 2011
Classic:
Type in answers that appear in a list
Last Updated: Feb 16, 2017
Quiz Scoreboard
CHALLENGE
Sign Up to Join the Scoreboard
Show All
Scores
Hide
Comments
May contain spoilers
Recently Published
1-10 Letter E Words III
by El_Dandy
Language
2m
Street Fighter Characters
by Artimus82
Gaming
60s
College Basketball Coaching Resumes
by pancakes188
Sports
9m
More to Explore
Quiz From the Vault
Featured Blog Post
Where Did the Easter Bunny Come From?
hide this ad
You Might Also Like...
Tags
Award
host
MTV
MTV Video
Music Awards
Venue
Video
Today's Top Quizzes in Music
Browse Music
hide this ad
Today's Top Quizzes in MTV Video
Browse MTV Video
Top Contributed Quizzes in Music
1
Taylor Swift All Songs (2024)
2
Taylor Swift Logic Puzzle
3
Guess the Artist- 70s Songs
4
7-to-1: Billboard Hot 100 #1 Hits of 2010s
5
Sorting Albums and Songs
6
Billboard Blitz: Aretha Franklin
7
KPOP LOGIC QUIZ
8
Guess the Taylor Swift song (Mystery Song)
9
Guess The Taylor Swift Lyrics Song #1
10
Billboard Blitz: ABBA
Explore More
Trending Topics
Marvel
Crossword
NBA
Kpop
Harry Potter
Disney
Anime
Soccer
The Office
Pokémon
Country
WWE
Song
NFL
Puzzle
hide this ad
More By:
brusox20
Quiz
Plays
Rating
Category
Featured
Created
The Worst Sports Fans in America & Canada
4,145
2.41
Sports
Apr 3, 2011
1992 NFL Opening Day Starting Quarterbacks
3,978
4.08
Sports
Sep 15, 2010
TV Shows Airing After the Super Bowl
3,912
4.53
Television
Feb 3, 2011
Most Hated College Basketball Players of All Time
1,761
2.44
Sports
Apr 1, 2011
Losing Super Bowl Starting Quarterbacks
1,462
4.36
Sports
Sep 14, 2010
Go to Creator's Profile
Score Distribution
Quiz Creator Spotlight
brusox20
Follow
Send a Message
Quizzes Created
-
Created Quiz Play Count
-
More By This Creator
Popular Quizzes Today
1
Find the US States - No Outlines Minefield
2
Find the Countries of Europe - No Outlines Minefield
3
The Countries of the World
4
Find the US States
5
Risky Map Clicking: Biggest States A-Z
6
US States
7
Popular People in 1961
8
Movies - When Are They Set?
More Music Quizzes
Bonus Round Blitz! - Albums II
Editor's Pick
Trending Quizzes
Risky Map Clicking: Least Populous States A-Z
Billboard Blitz: Aretha Franklin
Famous Russians: Author or Composer?
Countries of the World: 200 Million BC
1-10 Letter G Words
Recently Updated
Leaping Animals
pecheneg
Reality TV Shows (A-Z)
bhenderson79
Rickey Henderson's Hall of Fame Teammates
pecheneg
Champions League XIs: Arsenal
pecheneg
Quick Pick: Celebrities in WWE's Hall of Fame
aduchscher
A-Z Keypad Blitz II
pecheneg
Multiple Oscar Actors
pecheneg
Mystery Phrase Blitz: Oscar 'Best Actors'
pecheneg
F. Scott Fitzgerald Novels
LTH
Pick 3 Villains
ddd62291
Trending Topics
Anime
Kpop
NBA
Marvel
Crossword
Harry Potter
Disney
The Office
Song
Soccer
Puzzle
Country
NFL
Pokémon
WWE
Your Account Isn't Verified!
In order to create a playlist on Sporcle, you need to verify the email address you used during registration. Go to your
Sporcle Settings
to finish the process.
Report this User
Report this user for behavior that violates our
Community Guidelines
.
Details:
Send Report
Go to the Sporcle.com Mobile Site →
Comments